Normal view
MARC view
Entry Uniform Title
001 - CONTROL NUMBER
- control field: 42369
003 - CONTROL NUMBER IDENTIFIER
- control field: dpl
005 - DATE AND TIME OF LATEST TRANSACTION
- control field: 20120216160855.0
008 - FIXED-LENGTH DATA ELEMENTS
- fixed length control field: 120216|||a|||||| | ||| d
040 ## - CATALOGING SOURCE
- Original cataloging agency: dpl
- Transcribing agency: dpl
130 ## - HEADING--UNIFORM TITLE
- Uniform title: समर और बिंकल श्रृंखला:बिंकल स्कूल गया
670 ## - SOURCE DATA FOUND
- Source citation: Work cat.: (dpl)61078: नन्हीं पलकें /, 2011
670 ## - SOURCE DATA FOUND
- Source citation: Work cat.: (dpl)61078: नन्हीं पलकें /, 2011
